Fashion Designers/Brands A-Z - Statistics

General Stats
  • This quiz has been taken 124 times
  • The average score is 25 of 291
Answer Stats
Answer % Correct
Gucci
86%
Chanel
81%
Christian Dior
76%
Louis Vuitton
75%
Prada
67%
Versace
66%
Giorgio Armani
64%
Balenciaga
59%
Yves Saint Laurent
57%
Hermes
53%
Ralph Lauren
48%
Tom Ford
48%
Burberry
47%
Calvin Klein
46%
Adidas
45%
Alexander McQueen
45%
Nike
45%
Miu Miu
43%
Fendi
39%
Dolce & Gabbana
37%
Givenchy
37%
Tommy Hilfiger
37%
Valentino
37%
Christian Louboutin
33%
Jimmy Choo
33%
Cartier
31%
Celine
30%
Coach
30%
Vivienne Westwood
30%
Zara
28%
Balmain
27%
Marc Jacobs
27%
Michael Kors
27%
Loewe
25%
Bottega Veneta
24%
Maison Margiela
24%
Puma
24%
Stella McCartney
24%
Guess
23%
Karl Lagerfeld
23%
Lacoste
23%
Loro Piana
23%
Alexander Wang
22%
Vera Wang
22%
Off White
18%
Moncler
17%
Rick Owens
17%
Chloé
16%
Hugo Boss
16%
Jacquemus
16%
Kate Spade
14%
Manolo Blahnik
14%
Elsa Schiaparelli
13%
John Galliano
13%
Levi's
13%
Oscar De La Renta
13%
Tiffany & Co
13%
Ferragamo
12%
Jean Paul Gaultier
12%
Moschino
12%
Salvatore Ferragamo
12%
Issey Miyake
11%
The Row
11%
Carolina Herrera
10%
Comme Des Garcons
10%
Diesel
10%
Heidi Klein
10%
Kenzo
10%
Max Mara
10%
Paco Rabanne
10%
Victoria Beckham
10%
Isabel Marant
8%
Jil Sander
8%
Lanvin
8%
Acne Studios
7%
Alaia
7%
Brunello Cucinelli
7%
Bvlgari
7%
DKNY
7%
Dries Van Noten
7%
Hollister
7%
Thierry Mugler
7%
Tory Burch
7%
Vetements
7%
Betsey Johnson
6%
Christian Lacroix
6%
Converse
6%
Diane Von Furstenberg
6%
DSquared2
6%
Fila
6%
Lululemon
6%
Skims
6%
Stine Goya
6%
Van Cleef & Arpels
6%
Zimmermann
6%
Coperni
5%
Emilio Pucci
5%
Halston
5%
Helmut Lang
5%
Mulberry
5%
Thom Browne
5%
Abercrombie & Fitch
4%
Alessandra Rich
4%
Ann Demeulemeester
4%
Badgley Mischka
4%
Carhartt
4%
Christian Siriano
4%
Dr Martens
4%
Elie Saab
4%
Etro
4%
Iris Van Herpen
4%
Jeremy Scott
4%
Junya Watanabe
4%
JW Anderson
4%
Marni
4%
Missoni
4%
Nina Ricci
4%
Paul Smith
4%
Simone Rocha
4%
Ugg
4%
Viktor & Rolf
4%
Zadig & Voltaire
4%
Anna Sui
2%
Aquazzura
2%
Asics
2%
Barbour
2%
Birkenstock
2%
Courreges
2%
Fenty
2%
Gant
2%
Giuseppe Zanotti
2%
Jason Wu
2%
Juicy Couture
2%
Khaite
2%
Palm Angels
2%
Pierre Cardin
2%
Roberto Cavalli
2%
Ted Baker
2%
Toteme
2%
Zac Posen
2%
A Bathing Ape
1%
Alberta Ferretti
1%
Aldo
1%
Alice & Olivia
1%
AllSaints
1%
Area
1%
Bluemarine
1%
Christopher Esber
1%
Cos
1%
Desigual
1%
Dune
1%
Free People
1%
Ganni
1%
Gaurav Gupta
1%
Giambattista Valli
1%
Guo Pei
1%
House of CB
1%
Jacques Wei
1%
Jenny Packham
1%
La Perla
1%
LaQuan Smith
1%
Ludovic De Saint Sernin
1%
Manish Arora
1%
Mary Quant
1%
Miss Sohee
1%
Olivia Burton
1%
Prabal Gurung
1%
Rahul Mishra
1%
Rodarte
1%
Sacai
1%
Sarah Burton
1%
Self Portrait
1%
Sister Jane
1%
Steve Madden
1%
Wrangler
1%
Y Project
1%
Adanola
0%
A Détacher
0%
Adriana Degreas
0%
Alemais
0%
Alexandre Vauthier
0%
Alexis Mabille
0%
Alex Perry
0%
Alhuwalia
0%
Alo Yoga
0%
Altuzarra
0%
Amina Muaddi
0%
Anine Bing
0%
Anna Kosturova
0%
Anrealage
0%
Antonio Grimaldi
0%
Anya Hindmarch
0%
Ashish
0%
Attachment
0%
Aya Muse
0%
Batsheva
0%
BCBG
0%
Belstaff
0%
Bench
0%
Berghaus
0%
Biba
0%
Birger Christensen
0%
Carvela
0%
Casablanca
0%
Cecilie Bahnsen
0%
Cerruti
0%
Cheap Monday
0%
Chopova Lowena
0%
Christian Cowan
0%
Christopher Kane
0%
Clio Peppiatt
0%
Costarellos
0%
Damson Madder
0%
Danielle Frankel
0%
David Koma
0%
Di Petsa
0%
Duckie Brown
0%
Ellesse
0%
Emilia Wickstead
0%
Erdem
0%
Eres
0%
Fear of God
0%
Fiorelli
0%
Fiorucci
0%
Fred Perry
0%
French Connection
0%
Gabriela Hearst
0%
Giles Deacon
0%
Harris Reed
0%
Herve Leger
0%
House of Sunny
0%
Huishan Zhang
0%
Hunter
0%
Jaded London
0%
Jasper Conran
0%
J Crew
0%
Johanna Ortiz
0%
JW Pei
0%
KNWLS
0%
Kurt Geiger
0%
La DoubleJ
0%
Lemaire
0%
LoveshackFancy
0%
Magda Butrym
0%
Marine Serre
0%
Markarian
0%
Mary Katrantzou
0%
Max Azria
0%
Missoma
0%
Miss Sixty
0%
Needle And Thread
0%
Nensi Dojaka
0%
Norma Kamali
0%
Oséree
0%
Ottolinger
0%
Patagonia
0%
Patou
0%
PH5
0%
Phillip Lim
0%
Philosophy Di Lorenzo Serafini
0%
Proenza Schouler
0%
Puppets & Puppets
0%
Rachel Antonoff
0%
Rag & Bone
0%
Ralph & Russo
0%
Rebecca Minkoff
0%
Rebecca Vallance
0%
Reem Akra
0%
Reformation
0%
Reiss
0%
Richard Quinn
0%
Rochas
0%
Roger Vivier
0%
Roksanda
0%
Roland Mouret
0%
Romance Was Born
0%
Rotate
0%
Sachin & Babi
0%
Simkhai
0%
Sportmax
0%
Staud
0%
Susan Fang
0%
Taller Marmo
0%
The Attico
0%
The Garment
0%
The White Company
0%
Thomas Sabo
0%
Toms
0%
VFILES
0%
Yumi
0%
Zuhair Murad
0%
No matching quizzes found
Score Distribution
Percent of People with Each Score
Percentile by Number Answered
Your Score History
You have not taken this quiz